| 000 | 00451nam a2200145Ia 4500 | ||
|---|---|---|---|
| 008 | 231129s1995||||xx |||||||||||||| ||spa|| | ||
| 020 | _a958-601-618-8 | ||
| 040 | _bspa | ||
| 082 | _a303.69 B424u | ||
| 100 | _aBejarano Avila Jesus Antonio | ||
| 245 | 0 | _aUna agenda para la paz: aproximaciones desde la teoría de la resolución de conflictos | |
| 260 | _c1995 | ||
| 264 | _aTercer Mundo | ||
| 942 |
_2ddc _cBKS |
||
| 999 |
_c25919 _d25919 |
||